Sentenced to death

Bibliographic Details
Main Author: Barrett, Lorna
Format: Book
Published: Maine : Wheeler Publishing , 2011
Subjects:

MARC

LEADER 00000cam a2200000 7i4500
001 0000166300
005 20120927.0
020 |a 1410441431 
020 |a 9781410441430 
090 0 0 |a F   |b BAR 
100 1 |a Barrett, Lorna 
245 1 0 |a Sentenced to death   |c Lorna Barrett 
260 |a Maine :   |b Wheeler Publishing ,   |c 2011 
300 |a 441p. ;   |c 22cm. 
500 |a Large Print 
650 0 0 |a Fiction 
999 |a 00265970   |b BUKU   |c PINJAMAN   |e PERPUSTAKAAN KOMUNITI PETALING JAYA